Veľký sprievodca karavanistu Od výberu vozidla po rady na cesty

Saved in:
Bibliographic Details
Main Author Pacovský, Jan
Other Authors Jan Bordovský, Martin Štrimpfl, Velinská
Format Electronic eBook
LanguageCzech
Published Grada SK 2023
Edition1. elektronické vydání
Subjects
Online AccessDostupné v BOOKPORT po přihlášení pomocí eduID
ISBN978-80-8090-680-1
978-80-8090-678-8
Physical Description1 online zdroj (192 stran)

Cover

LEADER 00000nam a2200000 i 4500
001 bkp100228
003 CZ-prgp
005 20240108071935.0
006 m o d
007 cr cn
008 240108s2023 xr o 000 0 cze
020 |a 978-80-8090-680-1  |c 446 Kč  |q (online ; epub) 
020 |a 978-80-8090-678-8  |c 250 Kč  |q (print) 
040 |a Grada  |b cze  |e rda 
100 1 |a Pacovský, Jan 
245 1 0 |a Veľký sprievodca karavanistu  |b Od výberu vozidla po rady na cesty  |c Jan Pacovský, Jan Bordovský, Martin Štrimpfl, Velinská 
250 |a 1. elektronické vydání 
264 1 |b Grada SK  |c 2023 
300 |a 1 online zdroj (192 stran) 
336 |a text  |b txt  |2 rdacontent 
337 |a počítač  |b c  |2 rdamedia 
338 |a online zdroj  |b cr  |2 rdacarrier 
520 3 |a Obytné auto alebo príves? Aké základné vybavenie budem potrebovať? Kam s autom alebo karavanom vyraziť a na čo si dať pozor? Mnohé otázky si kladú začínajúci karavanisti. Odborníci na túto problematiku v knihe na ne odpovedajú a poradia tiež kde hľadať užitočné rady a ako ušetriť. 
650 0 4 |a Automobily 
700 1 |a Jan Bordovský 
700 1 |a Martin Štrimpfl 
700 1 |a Velinská 
856 4 0 |u https://www.bookport.cz/AccountSaml/SignIn/?idp=https://shibboleth.utb.cz/idp/shibboleth&returnUrl=/kniha/velky-sprievodca-karavanistu-12380/  |y Dostupné v BOOKPORT po přihlášení pomocí eduID